| 000 | 01181cam a22002534a 4500 | ||
|---|---|---|---|
| 001 | 14459747 | ||
| 005 | 20250318105258.0 | ||
| 008 | 060719s2007 enka b 001 0 eng | ||
| 020 | _a1403993793 (pbk.) | ||
| 020 | _a9781403993793 (pbk.) | ||
| 050 | 0 | 0 |
_aH62 _b.D2543 2007 |
| 082 | 0 | 0 |
_a001.4/2 _222 |
| 100 | 1 |
_aDavies, Martin, _d1936- |
|
| 245 | 1 | 0 |
_aDoing a successful research project : _busing qualitative or quantitative methods / _cMartin Brett Davies. |
| 260 |
_aBasingstoke [England] ; _aNew York : _bPalgrave Macmillan, _c2007. |
||
| 300 |
_axiv, 274 p. : _bill. ; _c22 cm. |
||
| 650 | 0 |
_aSocial sciences _xResearch. |
|
| 650 | 0 | _aQualitative research. | |
| 856 | 4 | 1 |
_3Table of contents only _uhttp://www.loc.gov/catdir/enhancements/fy0703/2006050218-t.html |
| 856 | 4 | 2 |
_3Contributor biographical information _uhttp://www.loc.gov/catdir/enhancements/fy0703/2006050218-b.html |
| 856 | 4 | 2 |
_3Publisher description _uhttp://www.loc.gov/catdir/enhancements/fy0703/2006050218-d.html |
| 856 | 4 | 1 |
_3Table of contents _uhttp://bvbr.bib-bvb.de:8991/F?func=service&doc_library=BVB01&doc_number=015431011&line_number=0001&func_code=DB_RECORDS&service_type=MEDIA |
| 942 |
_2lcc _cBK _n0 |
||
| 999 |
_c4920 _d4920 |
||